<?xml version="1.0" encoding="UTF-8"?>
<record
    xmlns:xsi="http://www.w3.org/2001/XMLSchema-instance"
    xsi:schemaLocation="http://www.loc.gov/MARC21/slim http://www.loc.gov/standards/marcxml/schema/MARC21slim.xsd"
    xmlns="http://www.loc.gov/MARC21/slim">

  <leader>05649nam a22004697a 4500</leader>
  <controlfield tag="003">OSt</controlfield>
  <controlfield tag="005">20251119103109.0</controlfield>
  <controlfield tag="008">251119b        |||||||| |||| 00| 0 eng d</controlfield>
  <datafield tag="010" ind1=" " ind2=" ">
    <subfield code="a">  2019956794</subfield>
  </datafield>
  <datafield tag="015" ind1=" " ind2=" ">
    <subfield code="a">GBC001321</subfield>
    <subfield code="2">bnb</subfield>
  </datafield>
  <datafield tag="016" ind1="7" ind2=" ">
    <subfield code="a">019664398</subfield>
    <subfield code="2">Uk</subfield>
  </datafield>
  <datafield tag="020" ind1=" " ind2=" ">
    <subfield code="a">9780300283426</subfield>
    <subfield code="q">hardcover</subfield>
  </datafield>
  <datafield tag="020" ind1=" " ind2=" ">
    <subfield code="a">9780300283426</subfield>
    <subfield code="q">hardcover</subfield>
  </datafield>
  <datafield tag="020" ind1=" " ind2=" ">
    <subfield code="a">9780300283426</subfield>
    <subfield code="q">paperback</subfield>
  </datafield>
  <datafield tag="035" ind1=" " ind2=" ">
    <subfield code="a">21331601</subfield>
  </datafield>
  <datafield tag="035" ind1=" " ind2=" ">
    <subfield code="a">(OCoLC)1117623919</subfield>
  </datafield>
  <datafield tag="040" ind1=" " ind2=" ">
    <subfield code="a">Mmara-U</subfield>
    <subfield code="b">Eng</subfield>
    <subfield code="c">Mmara-U</subfield>
    <subfield code="d">Mmara-U</subfield>
  </datafield>
  <datafield tag="042" ind1=" " ind2=" ">
    <subfield code="a">lccopycat</subfield>
  </datafield>
  <datafield tag="050" ind1="0" ind2="0">
    <subfield code="a">PN1111</subfield>
    <subfield code="b">.C37 2020</subfield>
  </datafield>
  <datafield tag="082" ind1="0" ind2="4">
    <subfield code="a">809.1</subfield>
    <subfield code="2">23</subfield>
  </datafield>
  <datafield tag="100" ind1="1" ind2=" ">
    <subfield code="a">Carey, John,</subfield>
    <subfield code="d">1934-</subfield>
    <subfield code="e">author.</subfield>
    <subfield code="9">2784</subfield>
  </datafield>
  <datafield tag="245" ind1="1" ind2="2">
    <subfield code="a">A little history of poetry /</subfield>
    <subfield code="c">John Carey.</subfield>
  </datafield>
  <datafield tag="246" ind1="3" ind2="0">
    <subfield code="a">History of poetry</subfield>
  </datafield>
  <datafield tag="264" ind1=" " ind2="1">
    <subfield code="a">New Haven :</subfield>
    <subfield code="b">Yale University Press,</subfield>
    <subfield code="c">[2020]</subfield>
  </datafield>
  <datafield tag="300" ind1=" " ind2=" ">
    <subfield code="a">viii, 312 pages :</subfield>
    <subfield code="b">illustrations (black and white) ;</subfield>
    <subfield code="c">23 cm.</subfield>
  </datafield>
  <datafield tag="336" ind1=" " ind2=" ">
    <subfield code="a">text</subfield>
    <subfield code="b">txt</subfield>
    <subfield code="2">rdacontent</subfield>
  </datafield>
  <datafield tag="337" ind1=" " ind2=" ">
    <subfield code="a">unmediated</subfield>
    <subfield code="b">n</subfield>
    <subfield code="2">rdamedia</subfield>
  </datafield>
  <datafield tag="338" ind1=" " ind2=" ">
    <subfield code="a">volume</subfield>
    <subfield code="b">nc</subfield>
    <subfield code="2">rdacarrier</subfield>
  </datafield>
  <datafield tag="490" ind1="1" ind2=" ">
    <subfield code="a">[Little histories]</subfield>
  </datafield>
  <datafield tag="500" ind1=" " ind2=" ">
    <subfield code="a">Series statement from publisher's website.</subfield>
  </datafield>
  <datafield tag="500" ind1=" " ind2=" ">
    <subfield code="a">Includes index.</subfield>
  </datafield>
  <datafield tag="505" ind1="0" ind2=" ">
    <subfield code="a">Gods, heroes and monsters : The Epic of Gilgamesh -- War, adventure, love : Homer, Sappho -- Latin classics : Virgil, Horace, Ovid, Catullus, Juvenal -- Anglo-Saxon poetry : Beowulf, laments and riddles -- Continental masters of the Middle Ages : Dante, Daniel, Petrarch, Villon -- A European poet : Chaucer -- Poets of the seen world and the unseen : The Gawain poet, Hafez, Langland -- Tudor Court poets : Skelton, Wyatt, Surrey, Spenser -- Elizabethan love poets : Shakespeare, Marlowe, Sidney -- Copernicus in poetry : John Donne -- An age of individualism : Jonson, Herrick, Marvell -- Religious individualists : Herbert, Vaughan, Traherne -- Poetry from the world beyond : John Milton -- The Augustan age : Dryden, Pope, Swift, Johnson, Goldsmith -- The other Eighteenth Century : Montagu, Egerton, Finch, Tollet, Leapor, Yearsley, Barbauld, Blamire, Baillie, Wheatley, Duck, Clare, Thomson, Cowper, Crabbe, Gray, Smart -- Communal poetry : popular ballads and hymns -- Lyrical ballads, and after : Wordsworth and Coleridge -- Second-generation romantics : Keats and Shelley -- Romantic eccentrics : Blake, Byron, Burns -- From Romanticism to Modernism in German poetry : Goethe, Heine, Rilke -- Making Russian literature : Pushkin, Lermontov -- Great Victorians : Tennyson, Browning, Clough, Arnold -- Reform, resolve and religion, Victorian women poets : Elizabeth Barrett Browning, Emily Bront&#xEB;, Christina Rossetti -- American revolutionaries : Walt Whitman, Emily Dickinson -- Shaking the foundations : Baudelaire, Mallarm&#xE9;, Verlaine, Rimbaud, Val&#xE9;ry, Dylan Thomas, Edward Lear, Charles Dodgson, Swinburne, Katharine Harris Bradley, Edith Emma Cooper, Charlotte Mew, Oscar Wilde -- New voices at the end of an era : Hardy, Housman, Kipling, Hopkins -- The Georgian poets : Edward Thomas and Robert Frost, Rupert Brooke, Walter de la Mare, W.H. Davies, G.K. Chesterton, Hilaire Belloc, W.W. Gibson, Robert Graves, D.H. Lawrence -- Poetry of the First World War : Stadler, Toller, Grenfell, Sassoon, Owen, Rosenberg, Gurney, Cole, Cannan, Sinclair, McCrae -- The great escapist : W.B. Yeats -- Inventing Modernism : Eliot, Pound -- West meets East : Waley, Pound, the Imagists -- American Modernists : Wallace Stevens, Hart Crane, William Carlos Williams, Esther Popel, Helene Johnson, Alice Dunbar-Nelson, Jessie Redmon Fauset, Angelina Weld Grimk&#xE9;, Claude McKay, Langston Hughes -- Getting over Modernism : Marianne Moore and Elizabeth Bishop -- The Thirties poets : Auden, Spender, MacNeice -- Poetry of the Second World War : Douglas, Lewis, Keyes, Fuller, Ross, Causley, Reed, Simpson, Shapiro, Wilbur, Jarrell, Pudney, Ewart, Sitwell, Feinstein, Stanley-Wrench, Clark -- American confessional poets, and others : Lowell, Berryman, Snodgrass, Sexton, Roethke -- The movement poets and associates : Larkin, Enright, Jennings, Gunn, Betjeman, Stevie Smith -- Fatal attractions : Hughes, Plath -- Poets in politics : Tagore, Akhmatova, Mandelstam, Mayakovsky, Brodsky, Lorca, Neruda, Paz, Seferis, Seifert, Herbert, MacDiarmid, R.S. Thomas, Amichai -- Poets who cross boundaries : Heaney, Walcott, Angelou, Oliver, Murray.</subfield>
  </datafield>
  <datafield tag="520" ind1=" " ind2=" ">
    <subfield code="a">What is poetry? If music is sound organized in a particular way, poetry is a way of organizing language. It is language made special so that it will be remembered and valued. It does not always work--over the centuries countless thousands of poems have been forgotten. This little history is about some that have not. John Carey tells the stories behind the world's greatest poems, from the oldest surviving one written nearly four thousand years ago to those being written today. Carey looks at poets whose works shape our views of the world, such as Dante, Chaucer, Shakespeare, Whitman, and Yeats. He also looks at more recent poets, like Derek Walcott, Marianne Moore, and Maya Angelou, who have started to question what makes a poem "great" in the first place. This little history shines a light on the richness and variation of the world's poems--and the elusive quality that makes them all the more enticing.</subfield>
  </datafield>
  <datafield tag="650" ind1=" " ind2="0">
    <subfield code="a">Poetry</subfield>
    <subfield code="x">History and criticism.</subfield>
    <subfield code="9">2785</subfield>
  </datafield>
  <datafield tag="650" ind1=" " ind2="7">
    <subfield code="a">Poetry.</subfield>
    <subfield code="2">fast</subfield>
    <subfield code="0">(OCoLC)fst01067691</subfield>
    <subfield code="9">2702</subfield>
  </datafield>
  <datafield tag="655" ind1=" " ind2="7">
    <subfield code="a">Criticism, interpretation, etc.</subfield>
    <subfield code="2">fast</subfield>
    <subfield code="0">(OCoLC)fst01411635</subfield>
    <subfield code="9">2786</subfield>
  </datafield>
  <datafield tag="830" ind1=" " ind2="0">
    <subfield code="a">Little histories (Yale University Press)</subfield>
    <subfield code="9">2787</subfield>
  </datafield>
  <datafield tag="906" ind1=" " ind2=" ">
    <subfield code="a">7</subfield>
    <subfield code="b">cbc</subfield>
    <subfield code="c">copycat</subfield>
    <subfield code="d">2</subfield>
    <subfield code="e">ncip</subfield>
    <subfield code="f">20</subfield>
    <subfield code="g">y-gencatlg</subfield>
  </datafield>
  <datafield tag="942" ind1=" " ind2=" ">
    <subfield code="2">lcc</subfield>
    <subfield code="c">LOAN LOAN</subfield>
  </datafield>
  <datafield tag="999" ind1=" " ind2=" ">
    <subfield code="c">33431</subfield>
    <subfield code="d">33428</subfield>
  </datafield>
  <datafield tag="952" ind1=" " ind2=" ">
    <subfield code="0">0</subfield>
    <subfield code="1">0</subfield>
    <subfield code="2">lcc</subfield>
    <subfield code="4">0</subfield>
    <subfield code="7">0</subfield>
    <subfield code="a">MMU001</subfield>
    <subfield code="b">MMU001</subfield>
    <subfield code="c">LLT</subfield>
    <subfield code="d">2025-11-19</subfield>
    <subfield code="e">Purchased</subfield>
    <subfield code="g">2913.00</subfield>
    <subfield code="l">1</subfield>
    <subfield code="o">PN111.C37 2020</subfield>
    <subfield code="p">25040665</subfield>
    <subfield code="r">2026-02-27 14:31:22</subfield>
    <subfield code="s">2026-02-24</subfield>
    <subfield code="w">2025-11-19</subfield>
    <subfield code="y">LOAN LOAN</subfield>
  </datafield>
</record>
